header

Genetic diagnoses (Record no. 62405)

MARC details
000 -LEADER
fixed length control field 02094nam a2200361 a 4500
082 04 - DEWEY DECIMAL CLASSIFICATION NUMBER
Classification number 616/.042
245 00 - TITLE STATEMENT
Title Genetic diagnoses
260 ## - PUBLICATION, DISTRIBUTION, ETC. (IMPRINT)
Place of publication Hauppauge, N.Y. :
Name of publisher Nova Science Publishers,
Year of publication c2012.
300 ## - PHYSICAL DESCRIPTION
Number of Pages xi, 202 p. :
Other physical details ill.
490 1# - SERIES STATEMENT
Series statement Genetics - research and issues
500 ## - GENERAL NOTE
General note "Nova biomedical."
505 0# - FORMATTED CONTENTS NOTE
Formatted contents note Defining a cause : result priority between preeclampsia and thyroid function / Ioannis Katsakoulas, Clio P. Mavragani -- Molecular diagnosis of thalassemia / Wen Wang, Boran Jiang, Samuel S. Chong -- Fuzzy logic and the least squares method in diagnosis problem solving / Alexander P. Rotshtein, Hanna B. Rakytyanska -- Molecular diagnosis of spinocerbellar ataxias / Laia Rodriguez-Revenga ... [et al.] -- Genetics of left ventricular noncompaction / Radha J. Sarma -- A genetic diagnosis to type 1 diabetes / Jose Luis Santiago, Laura Espino-Paisan, Elena Urcelay -- State of the heart on genetics of congential heart diseases : molecular basis, genetic diagnosis, and counselling / Giuseppe Limongelli ... [et al.].
650 #0 - SUBJECT ADDED ENTRY--TOPICAL TERM
Topical Term Human chromosome abnormalities
Topical Term Molecular biology.
700 1# - ADDED ENTRY--PERSONAL NAME
Personal name Sarma, Radha Jonnalagedda.
856 40 - ELECTRONIC LOCATION AND ACCESS
Uniform Resource Identifier http://site.ebrary.com/lib/rucke/Doc?id=10671288

No items available.

© 2026 Rongo University
Contact us: librarian | system librarian | Rongo university